Dôvodová správa k novele zákona o DPH

Zámerom predkladaného návrhu zákona o DPH v Slovenskej republike je ďalšie prispôsobenie sa legislatíve Európskej únie, a to predovšetkým Šiestej smernici Rady EÚ 77/388/EHS, ktorá je základnou smernicou upravujúcou uplatňovanie dane z pridanej hodnoty v Európskej únii.

Gespeichert in:
Bibliographische Detailangaben
Format: Buchkapitel
Sprache:Slowakisch
Schlagworte:
Tags: Tag hinzufügen
Keine Tags, Fügen Sie das erste Tag hinzu!

MARC

LEADER 00000naa a2200000 4500
001 r046601
005 20230927070542.7
041 0 |a slo 
044 |a SK 
245 1 0 |a Dôvodová správa k novele zákona o DPH 
520 |a Zámerom predkladaného návrhu zákona o DPH v Slovenskej republike je ďalšie prispôsobenie sa legislatíve Európskej únie, a to predovšetkým Šiestej smernici Rady EÚ 77/388/EHS, ktorá je základnou smernicou upravujúcou uplatňovanie dane z pridanej hodnoty v Európskej únii. 
610 2 0 |a dane z hodnoty pridanej 
610 2 0 |a správy dôvodové 
610 2 0 |a zákony 
610 2 0 |a úpravy právne 
610 2 0 |a aproximácia práva 
610 2 0 |a Slovensko 
610 2 0 |a Európska únia